00948ntm a22002297a 450000500170000000800410001704000280005808200170008610000330010324501200013626000100025630000420026650001810030859000100048965000390049965300230053865500090056170000220057094200080059299900170060095201010061720170813110342.0170802s2014 xx a frb 000 0 eng d aEG-ScBUEbengcEG-ScBUE04222a624bSAB1 aSabbah, Ismail Ahmed Ismail.10aDesign approach to replace the fine sand with granite powder in the concrete mixture /cIsmail Ahmed Ismail Sabbah. c2014. aviii, 54 P. :bill. (col.) ;c28 cm . aA desing thesis submitted to the faculty of engineering the British University in Egypt in partial fulfillment of the requirements for the bachelor degree in civil engineering anaira 72BUEshaCivil engineeringvProjects bENGCIVcAugust2017 vSPRO1 aHelmy, Amr .eths 2ddc c25226d25198 00102ddc4070aMAINbMAINc2NDd2017-08-07l0o624 SABp000046308r2025-07-15 00:00:00yPROJST